01550nas a2200325 i 450000100060000000300090000600500170001500700030003200800410003504000590007604100080013524500230014324600350016626401130020130000590031431000110037333600270038433700340041133800280044536200330047352002590050665000430076565000590080865000580086765000560092565500380098194200150101995201730103499900170120746578DR-UNIBE20250612152714.0ta250612e2024 dr a||p|r||||||0| | spa d cBiblioteca UNIBEaBiblioteca UNIBEbspadDO-SdBNPerda aspa aTurismo dominicano aRevista de turismo dominicano. aSanto Domingo, República Dominicana :bAsociación Dominicana de Prensa Turística (ADOMPRETUR), c2024. avolumen :bilustraciones, fotografías ;c25 x 30 cm. aAnual. atextobtxt2rdacontent asin mediación bn2rdamedia avolumenbnc2rdacarrier aAño. 3, Número 3 (2024). aLa Asociación Dominicana de Prensa Turística (Adompretur) es una institución profesional creada el 27 de septiembre del 1977, por un grupo de comunicadores y profesionales visionarios y con mucha fe en el valor turístico que tiene nuestro país. aTurismo994897zRepública Dominicana aPromoción de turismozRepública Dominicana9144501 aPolítica de turismozRepública Dominicana9144503 aIndustrias de servicios998zRepública Dominicana 0aPublicaciones periódicas987420 2ddccISSUE 00102ddc4056708SEaBNPHUbBNPHUd2025-06-12hAño. 3, Número 3 (2024)l0p2025-5132r2025-06-12te.1w2025-06-12yISSUEzEl Ecoturismo, cuida nuestros recursos. c59260d59260